• 首页
  • 本馆介绍
  • 公告通知
  • 最新文献
  • 馆藏检索
  • 电子资源
  • 读者导购
  • 参考咨询
  • 我的图书馆
  • 登录
  • 详细信息显示
  • 放入我的书架
  • 预约/预借图书
  • 作者相关作品
  • 分类相关作品
  • 丛书相关作品
  • 出版社相关作品

书目信息

  • 表格格式
  • 工作单格式
  • 卡片格式
题名:
药物化学
    
 
作者: 孟繁浩 , 李柱来 主编
分册:  
出版信息: 北京   中国医药科技出版社  2016.1
页数: 407页
开本: 26cm
丛书名:
单 册:
中图分类: R914
科图分类:
主题词: 药物化学--医学院校--教材
电子资源:
ISBN: 978-7-5067-7907-4
000 00875nam0 2200241 450
001 0400003492
005 20171022100119.0
010    @a978-7-5067-7907-4@dCNY55.00
100    @a20150920e20172016em y0chiy50 ea
101 0  @achi
102    @aCN@b110000
105    @ay z 001yy
106    @ar
200 1  @a药物化学@9yao wu hua xue@f孟繁浩,李柱来主编
210    @a北京@c中国医药科技出版社@d2016.1@h2017.6
215    @a407页@d26cm
330    @a本书以药物化学结构和生物活性的关系为主线、从化学结构出发,重点讨论药物的性质、药物与机体的相互作用、药物作用的分子机制、药物在体内转运过程、代谢产物与药物的毒性和副作用、药物的合成路线等,并论述了各类药物的构效关系。
606 0  @a药物化学@x医学院校@j教材
690    @aR914@v5
701  0 @a孟繁浩@9meng fan hao@4主编
701  0 @a李柱来@9li zhu lai@4主编
801  0 @aCN@b91MARC@c20171022
905    @b1022760-4@dR914@f5@e117
    
    药物化学/孟繁浩,李柱来主编.-北京:中国医药科技出版社,2016.1(2017.6)
    407页;26cm
    
    
    ISBN 978-7-5067-7907-4:CNY55.00
    本书以药物化学结构和生物活性的关系为主线、从化学结构出发,重点讨论药物的性质、药物与机体的相互作用、药物作用的分子机制、药物在体内转运过程、代谢产物与药物的毒性和副作用、药物的合成路线等,并论述了各类药物的构效关系。
●
相关链接 在E读中查询图书 在五车中查询图书 在当当中查询图书 在豆瓣中查询图书


正题名:药物化学     索取号:R914/117         预约/预借

序号 登录号 条形码 馆藏地/架位号 状态 备注
1 1022760   210227609   第二样本阅览室/ [索取号:R914/117] 在馆    
2 1022761   210227618   密集书库-生命科学系/ [索取号:R914/117] 在馆    
3 1022762   210227627   第三借阅区/ [索取号:R914/117] 在馆    
4 1022763   210227636   第三借阅区/ [索取号:R914/117] 在馆    
5 1022764   210227645   第三借阅区/ [索取号:R914/117] 在馆    
唐山师范学院图书馆 欢迎您!
大连网信软件有限公司© 版权所有